000 00607nam a2200229Ia 4500
003 OSt
005 20220918203409.0
006 a|||||r|||| 00| 0
007 ta
008 220917b |||||||| |||| 00| 0 eng d
024 _a108,011
037 _cTextual
040 _aARTS
_cARTS
_beng
041 _2eng
_aeng
082 _aV31,C1.M7, L9
100 _aFraser Derek
_9108362
245 0 _aPower and authority in the Victorian city
260 _aOxford
_bbasil Blackwell
_c1979
650 _aHISTORY
942 _hV31,C1.M7, L9
_cTEXL
_2CC
999 _c231366
_d231366